000 00901cab a22002055a 4500
001 L137465
008 070410s2006 xxk f 000 0 eng d
035 _a(Sirsi) u137465
041 0 _aeng
100 1 _aFoster, David
245 0 0 _aWorking at height in the residential sector
260 _c2006
490 _aNews on the Block
_v(31) 2006, 19(1)
520 _aLists responsibilities under the new Work at Height Regulations 2005 and explains how these will affect managing agents and all those working in the residential sector. States that falling from height is the single biggest cause of death in the workplace and that ignorance is no excuse for accidents which occur in your area of responsibility.
590 _aKA
650 2 4 _aWORK AT HEIGHT REGULATIONS 2005
651 4 _aUnited Kingdom
_y
690 _aMANAGEMENT-HEALTH AND SAFETY-HEALTH AND SAFETY RISK MANAGEMENT
942 _n0
999 _c78615
_d78615